000 00554nam a2200193Ia 4500
003 GCL
008 140319s9999 xx 000 0 eng d
020 _a0679450882
040 _aGCL /
_cGCL
082 0 4 _a949.502
_bN S
100 1 _aNORWICH, JOHN JULIUS
245 1 0 _aA SHORT HISTORY OF BYZANTIUM /
_cNORWICH, JOHN JULIUS
260 _aنيويورك :
_bALFRED A KNOPF ،
_c1997
300 _a24 CM ؛
_c430 P
650 0 4 _aBYZANTIUM EMPIRE - HISTORY
650 0 4 _aBYZANTINE EMPIRE - CIVILIZATION
650 0 4 _aBYZANTINE EMPIRE
942 _2ddc
_cBK
999 _c8131
_d8131